| 000 | 00929nam a2200277 a 4500 | ||
|---|---|---|---|
| 001 | 3085981 | ||
| 003 | OSt | ||
| 005 | 20160229175341.0 | ||
| 008 | 980723s1997 gh b f001 0 eng | ||
| 010 | _a 97949877 | ||
| 020 | _a9964302193 | ||
| 040 |
_aDLC _cDLC |
||
| 042 | _alcode | ||
| 043 | _af------ | ||
| 050 | 0 | 0 |
_aHM22.A46 _bA77 1997 |
| 082 | 0 | 0 |
_a301 _221 _bASS 1997 |
| 100 | 1 |
_aAssimeng, J. M. _96902 |
|
| 245 | 1 | 0 |
_aFoundations of African social thought : _ba contribution to the sociology of knowledge / _cMax Assimeng. |
| 260 |
_aAccra : _bGhana Universities Press, _c1997. |
||
| 300 |
_a148 p. ; _c22 cm. |
||
| 504 | _aIncludes bibliographical references (p. [125]-140) and index. | ||
| 650 | 0 |
_aSociology _zAfrica. _96903 |
|
| 906 |
_a7 _bcbc _corigode _d3 _encip _f19 _gy-gencatlg |
||
| 942 |
_2ddc _cSLOAN |
||
| 999 |
_c3109 _d3109 |
||